| 000 | 01157cam a2200325 a 4500 | ||
|---|---|---|---|
| 999 |
_c27060 _d27032 |
||
| 001 | 12659008 | ||
| 003 | OSt | ||
| 005 | 20190205105642.0 | ||
| 008 | 020128s2003 nyua 001 0 eng | ||
| 020 | _a0321088301 (hc) | ||
| 020 | _a0321088441 (pbk.) | ||
| 040 |
_aDLC _cDLC _dEG-ScBUE _beng |
||
| 082 | 0 | 0 |
_a428.2 _222 _bNOR |
| 100 | 1 | _aSelby, Norwood. | |
| 245 | 1 | 0 |
_aEssential college English : _ba grammar, punctuation and writing workbook / _cNorwood Selby, Pamela S. Bledsoe. |
| 250 | _a6th edition | ||
| 264 |
_aNew York : _bLongman, _c2003. |
||
| 300 |
_a396 pages: _billustration; _c24 cm. |
||
| 336 |
_2rdacontent _atxt |
||
| 337 |
_2rdamedia _aunmediated |
||
| 338 |
_2rdacarrier _avolume |
||
| 500 | _aIncludes index. | ||
| 650 | 7 |
_aEnglish language _xGrammar _vProblems, exercises, etc. _2BUEsh |
|
| 650 | 7 |
_aEnglish language _xPunctuation _vProblems, exercises, etc. _2BUEsh |
|
| 653 | _cJanuary2019 | ||
| 700 | 1 | _aBledsoe, Pamela S. | |
| 906 |
_a7 _bcbc _corignew _d1 _eocip _f20 _gy-gencatlg |
||
| 942 |
_2ddc _cBB |
||